Analýza efektívnosti slovenských a českých poisťovní pomocou modelov analýzy obalu dát

Aplikácia metód, ktoré umožnia poisťovniam prehodnotiť ich výsledky relatívne k výsledkom ostatných poisťovní a môžu mať okamžitý prínos pre poisťovne. Modely analýzy obalu dát (DEA-Data envelopment analysis). Poistný trh v Slovenskej a Českej republike. Výsledky analýzy efektívnosti. Porovnanie efe...

Description complète

Enregistré dans:
Détails bibliographiques
Auteur principal: Grmanová, Eva
Autres auteurs: Jablonský, Josef
Format: Chapitre de livre
Langue:slovaque
Sujets:
Tags: Ajouter un tag
Pas de tags, Soyez le premier à ajouter un tag!

MARC

LEADER 00000naa$a2200000$$$4500
001 0109021
005 20231102113550.4
041 0 |a slo 
044 |a SK 
245 1 0 |a Analýza efektívnosti slovenských a českých poisťovní pomocou modelov analýzy obalu dát  |c Eva Grmanová, Josef Jablonský 
520 |a Aplikácia metód, ktoré umožnia poisťovniam prehodnotiť ich výsledky relatívne k výsledkom ostatných poisťovní a môžu mať okamžitý prínos pre poisťovne. Modely analýzy obalu dát (DEA-Data envelopment analysis). Poistný trh v Slovenskej a Českej republike. Výsledky analýzy efektívnosti. Porovnanie efektívnosti slovenských a českých poisťovní. 
610 2 0 |a Slovensko 
610 2 0 |a poisťovníctvo 
610 2 0 |a Česko 
610 2 0 |a efektívnosť ekonomická 
610 2 0 |a analýza ekonomická 
610 2 0 |a dáta 
100 1 |a Grmanová, Eva 
700 1 |a Jablonský, Josef